[Event "Andorra sim"]
[Site "?"]
[Date "2001.??.??"]
[Round "?"]
[White "Shirov Alexei D"]
[Black "Vano Perez Jose"]
[Result "1/2-1/2"]
[WhiteElo "2718"]
[BlackElo "2113"]
[PlyCount "70"]
[EventDate "2001.??.??"]
[Source "www.chesslib.no"]
[SourceDate "2004.05.04"]

1. d4 f5 2. g3 e6 3. Bg2 Nf6 4. c4 Be7 5. Nc3 O-O 6. Nh3 c6 7. O-O d5 8. Bg5 Na6 9. cxd5 exd5 10. a3 Nc7 11. b4 b5 12. Nf4 h6 13. Bxf6 Rxf6 14. Rc1 a5 15. Qb3 Kh7 16. Rc2 a4 17. Qb1 Ra7 18. Rfc1 Be6 19. e4 dxe4 20. Nxe4 fxe4 21. Rxc6 g6 22. Bxe4 Rxf4 23. gxf4 Qxd4 24. Rxc7 Rxc7 25. Rxc7 Qd6 26. Rb7 Bh3 27. Qd3 Qe6 28. f5 Bxf5 29. Bxf5 gxf5 30. Qe3 Qg8+ 31. Kf1 Qc4+ 32. Qe2 Qc1+ 33. Kg2 Qg5+ 34. Kh3 Qh4+ 35. Kg2 Qg5+ 1/2-1/2

[Event "FRA Ch"]
[Site "France"]
[Date "1991.??.??"]
[Round "10"]
[White "Haik, Aldo"]
[Black "Bricard, Emmanuel"]
[Result "0-1"]
[WhiteElo "2435"]
[BlackElo "2395"]
[PlyCount "68"]
[EventDate "1991.08.??"]
[Source "www.chesslib.no"]
[SourceDate "2004.05.04"]

1. d4 e6 2. c4 f5 3. g3 Nf6 4. Bg2 Be7 5. Nc3 O-O 6. e3 d6 7. Nge2 e5 8. O-O Qe8 9. c5 e4 10. Qb3+ Qf7 11. Nb5 Be6 12. Qa3 Rc8 13. b4 Nc6 14. Bd2 Bc4 15. Nbc3 a5 16. bxa5 dxc5 17. Qb2 Nxa5 18. f3 exf3 19. Bxf3 Bd3 20. Rf2 Nc4 21. Qc1 cxd4 22. exd4 Nd6 23. Bg5 Nfe4 24. Bxe4 Nxe4 25. Nxe4 Bxe4 26. Nc3 Bc6 27. d5 Bd7 28. Ne4 Ra5 29. Bxe7 Qxe7 30. Qd2 Qe5 31. Rd1 Rca8 32. Ng5 Rxa2 33. Qxa2 Rxa2 34. Rxa2 Qe3+ 0-1

[Event "Pamplona Open"]
[Site "Pamplona ESP"]
[Date "1995.??.??"]
[Round "?"]
[White "Vera, Reynaldo G"]
[Black "Rahal, Michael"]
[Result "1-0"]
[WhiteElo "2500"]
[BlackElo "2330"]
[PlyCount "61"]
[EventDate "1995.??.??"]
[Source "www.chesslib.no"]
[SourceDate "2004.05.04"]

1. d4 e6 2. g3 f5 3. Bg2 Nf6 4. c4 Be7 5. Nh3 O-O 6. O-O d6 7. b3 c6 8. Bb2 Qc7 9. Nc3 e5 10. Qd2 h6 11. Rad1 Nbd7 12. Qc2 Ng4 13. e4 f4 14. Qe2 h5 15. gxf4 exf4 16. Kh1 d5 17. e5 dxc4 18. bxc4 Bh4 19. Ng1 Nb6 20. c5 Nd7 21. h3 Nh6 22. Qxh5 Be7 23. Be4 Nb8 24. Nf3 Qd7 25. Kh2 Nf5 26. Rg1 Na6 27. Rxg7+ Nxg7 28. Qh7+ Kf7 29. Bg6+ Ke6 30. d5+ cxd5 31. Nd4+ 1-0

[Event "Leinfelder Schachtage op 2nd"]
[Site "?"]
[Date "2000.??.??"]
[Round "5"]
[White "Fahnenschmidt Gerhard"]
[Black "Schmittdiel Eckhard"]
[Result "0-1"]
[WhiteElo "2336"]
[BlackElo "2490"]
[PlyCount "168"]
[EventDate "2000.??.??"]
[Source "www.chesslib.no"]
[SourceDate "2004.05.04"]

1. d4 e6 2. c4 f5 3. g3 Nf6 4. Bg2 Be7 5. Nc3 O-O 6. Nh3 d6 7. Qb3 c6 8. O-O e5 9. c5+ d5 10. dxe5 Ng4 11. Nf4 Na6 12. Nd3 Nxc5 13. Nxc5 Bxc5 14. Bf4 g5 15. Nxd5 cxd5 16. Bxd5+ Kg7 17. Bd2 Qb6 18. Qxb6 Bxb6 19. Bxg5 Nxe5 20. h3 Nf7 21. Bf4 Bd4 22. Rac1 Rd8 23. Bb3 Be5 24. Bxe5+ Nxe5 25. Rc7+ Rd7 26. Rfc1 Nc6 27. Rxd7+ Bxd7 28. f4 Re8 29. Kf2 Be6 30. Bxe6 Rxe6 31. Rd1 Re7 32. e3 Rc7 33. a3 Kf7 34. Rd6 Ne7 35. Kf3 Rc2 36. b4 Ke8 37. g4 Rc3 38. g5 Rxa3 39. h4 Ra6 40. Rd1 h5 41. Rc1 Re6 42. Rc5 b6 43. Rc4 Nd5 44. Kf2 Nxe3 45. Rc8+ Kf7 46. Rc7+ Kg6 47. Rxa7 Nd5 48. b5 Nxf4 49. Rd7 Ne2 50. Rd8 Nc3 51. Rh8 Nxb5 52. Rh6+ Kf7 53. Rh7+ Kg8 54. Rd7 Nd6 55. Kf3 b5 56. Ra7 Re4 57. Ra6 Nf7 58. Rg6+ Kh7 59. Rb6 Ne5+ 60. Kg3 Rg4+ 61. Kh3 Ng6 62. Rb7+ Kg8 63. Rb8+ Kf7 64. Rb7+ Ke8 65. Rb8+ Kd7 66. Rxb5 Rxh4+ 67. Kg3 Rg4+ 68. Kh2 Rxg5 69. Ra5 Ke7 70. Ra7+ Kf6 71. Ra6+ Kg7 72. Ra5 Kh6 73. Ra6 Rg4 74. Ra7 f4 75. Ra6 f3 76. Rf6 Rf4 77. Rxf4 Nxf4 78. Kg3 Kg5 79. Kxf3 h4 80. Kf2 Kg4 81. Kg1 Kg3 82. Kh1 Nd3 83. Kg1 h3 84. Kf1 h2 0-1

[Event "OL9495"]
[Site "Bayern"]
[Date "1995.??.??"]
[Round "1"]
[White "Pinter, Jozsef"]
[Black "Bredl, Harald"]
[Result "1-0"]
[WhiteElo "2550"]
[BlackElo "2275"]
[PlyCount "87"]
[EventDate "1994.10.??"]
[Source "www.chesslib.no"]
[SourceDate "2004.05.04"]

1. d4 e6 2. c4 f5 3. g3 Nf6 4. Bg2 d5 5. Nh3 c6 6. Qc2 Be7 7. O-O O-O 8. Nf4 Bd7 9. Nd2 a5 10. Nf3 Na6 11. Ne5 Bd6 12. Nfd3 b5 13. c5 Be7 14. Bd2 Nc7 15. f3 Ra6 16. Rae1 Be8 17. Bg5 Bf7 18. Kh1 Nd7 19. Bxe7 Qxe7 20. e4 g6 21. exf5 gxf5 22. Qe2 Ne8 23. a4 Nc7 24. b3 Be8 25. Nf4 b4 26. Ned3 Bf7 27. g4 fxg4 28. fxg4 Raa8 29. Qe3 Bg6 30. Ne5 Nxe5 31. Qxe5 Rae8 32. Qd6 Rf6 33. g5 Rf5 34. h4 Qg7 35. h5 Rxf4 36. Rxf4 Bxh5 37. Bh3 Re7 38. Bxe6+ Kh8 39. Re5 Ne8 40. Qd8 Bg6 41. Kh2 h6 42. Rh4 h5 43. Rf4 Kh7 44. Bg8+ 1-0

[Event "Albena"]
[Site "Albena"]
[Date "1986.??.??"]
[Round "?"]
[White "Sygulski, Artur"]
[Black "Kolarov, Atanas S"]
[Result "0-1"]
[WhiteElo "2425"]
[BlackElo "2400"]
[PlyCount "68"]
[EventDate "1986.09.??"]
[Source "www.chesslib.no"]
[SourceDate "2004.05.04"]

1. d4 f5 2. g3 Nf6 3. Bg2 e6 4. c4 Be7 5. Nc3 O-O 6. Nh3 d6 7. Nf4 c6 8. Nd3 Nbd7 9. b4 e5 10. e3 a5 11. b5 e4 12. Nb2 d5 13. O-O Bb4 14. Qb3 Bxc3 15. Qxc3 cxb5 16. cxb5 Nb6 17. a4 Rf7 18. Bd2 Rc7 19. Qb3 Nc4 20. Bc3 Be6 21. Rfc1 b6 22. Be1 Rac8 23. Rc3 Ne8 24. Rac1 Ned6 25. Nxc4 dxc4 26. Qc2 Bd5 27. Qe2 g6 28. g4 Qg5 29. h3 Rf7 30. f4 exf3 31. Bxf3 fxg4 32. Bxd5 gxh3+ 33. Bg2 Rcf8 34. Kh2 Rf2 0-1

[Event "Russian Winter Open"]
[Site "Moscow RUS"]
[Date "1991.??.??"]
[Round "?"]
[White "Yuferov, Sergey N"]
[Black "Zarubin, Pavel"]
[Result "1/2-1/2"]
[WhiteElo "2395"]
[BlackElo "2420"]
[PlyCount "82"]
[EventDate "1991.??.??"]
[Source "www.chesslib.no"]
[SourceDate "2004.05.04"]

1. d4 e6 2. c4 f5 3. g3 Nf6 4. Bg2 d5 5. Nh3 Be7 6. O-O O-O 7. Bg5 c6 8. Nf4 h6 9. Bxf6 Bxf6 10. e3 Kh7 11. Nd2 g6 12. Rc1 Qd6 13. h4 Nd7 14. b4 Rf7 15. b5 Nf8 16. Qb3 g5 17. hxg5 hxg5 18. Nd3 Ng6 19. Qb4 Qd8 20. Nf3 a5 21. Qb1 Kg7 22. Rfd1 Qd6 23. Qb2 Bd7 24. Nfe5 Re7 25. f4 Be8 26. Bf3 Qd8 27. cxd5 cxd5 28. a4 Rc8 29. Rxc8 Qxc8 30. Rc1 Rc7 31. Rxc7+ Qxc7 32. Nc5 Qc8 33. Qc1 Nxe5 34. fxe5 Be7 35. Kf2 b6 36. Nd3 Qxc1 37. Nxc1 Kh6 38. Bd1 Bh5 39. Bxh5 Kxh5 40. Kf3 g4+ 41. Kf2 Kg6 1/2-1/2

[Event "BL2-O9697"]
[Site "Germany"]
[Date "1997.??.??"]
[Round "?"]
[White "Priehoda, Vitezslav"]
[Black "Meister, Peter"]
[Result "1-0"]
[WhiteElo "2425"]
[BlackElo "2385"]
[PlyCount "122"]
[EventDate "1996.10.??"]
[Source "www.chesslib.no"]
[SourceDate "2004.05.04"]

1. d4 e6 2. c4 f5 3. g3 Nf6 4. Bg2 c6 5. Qc2 d5 6. Nh3 Be7 7. O-O O-O 8. b3 b5 9. Bb2 Na6 10. Nd2 Rb8 11. cxb5 cxb5 12. a3 Bd6 13. Nf3 Bd7 14. Ne5 Qe7 15. f3 Rfc8 16. Qd2 Rb7 17. b4 Nc7 18. Nf2 Na8 19. Nfd3 Nb6 20. Nc5 Rbc7 21. e4 dxe4 22. Nexd7 Nbxd7 23. fxe4 Nxe4 24. Bxe4 fxe4 25. Qe2 e5 26. Qxe4 exd4 27. Qd5+ Kh8 28. Rae1 Nf6 29. Qf3 Qf7 30. Bxd4 Re7 31. Ne4 Qf8 32. Bxf6 gxf6 33. Nxd6 Rxe1 34. Nxc8 Rxf1+ 35. Qxf1 Qxc8 36. Qxf6+ Kg8 37. Qg5+ Kf7 38. Qxb5 Kg8 39. Qg5+ Kh8 40. Qc5 Qe8 41. Qd4+ Kg8 42. Qc4+ Kh8 43. Qc3+ Kg8 44. h4 Qe2 45. Qc8+ Kg7 46. Qc7+ Kg6 47. Qd6+ Kg7 48. Qd4+ Kg8 49. Qf2 Qe5 50. Kg2 h5 51. Qf3 Kh7 52. Qb7+ Kg6 53. Qa6+ Kh7 54. Qxa7+ Kh8 55. Qa8+ Kh7 56. Qf3 Kh8 57. a4 Qb2+ 58. Kh3 Qe5 59. a5 Qe6+ 60. Kh2 Qa2+ 61. Qg2 Qc4 1-0

[Event "Oxford GM-B"]
[Site "Oxford"]
[Date "1998.12.16"]
[Round "3"]
[White "Arkell, Keith C"]
[Black "Williams, Simon"]
[Result "1-0"]
[WhiteElo "2475"]
[BlackElo "2335"]
[PlyCount "67"]
[EventDate "1998.12.??"]
[Source "www.chesslib.no"]
[SourceDate "2004.05.04"]

1. d4 e6 2. c4 f5 3. g3 Nf6 4. Bg2 Be7 5. Nd2 O-O 6. e4 fxe4 7. Nxe4 d5 8. Nxf6+ Bxf6 9. Nf3 Nc6 10. cxd5 exd5 11. O-O Bg4 12. h3 Bf5 13. Be3 Qd7 14. Kh2 Be4 15. Rc1 Rae8 16. Qb3 Na5 17. Qc3 Nc4 18. Bf4 c5 19. b3 cxd4 20. Nxd4 Nb6 21. Qd2 Rc8 22. f3 Bg6 23. h4 Bxd4 24. Qxd4 Bf5 25. Be5 Rc6 26. Rfe1 Rfc8 27. Rxc6 bxc6 28. Qc5 Qf7 29. Bc3 Nd7 30. Qd6 Nf6 31. g4 Bc2 32. Re7 Qf8 33. Qe6+ Kh8 34. Rf7 1-0

[Event "Jyvaskyla Open"]
[Site "Jyvaskyla FIN"]
[Date "1993.??.??"]
[Round "9"]
[White "Manninen, Marko"]
[Black "Naumkin, Igor"]
[Result "1/2-1/2"]
[WhiteElo "2355"]
[BlackElo "2450"]
[PlyCount "105"]
[EventDate "1993.07.??"]
[Source "www.chesslib.no"]
[SourceDate "2004.05.04"]

1. d4 e6 2. c4 f5 3. g3 Nf6 4. Bg2 Be7 5. Nh3 O-O 6. O-O d6 7. Nc3 Qe8 8. e4 fxe4 9. Nxe4 Nxe4 10. Bxe4 e5 11. Ng5 Bxg5 12. Bxg5 Nc6 13. dxe5 Nxe5 14. Re1 Bg4 15. Qd5+ Kh8 16. f4 Ng6 17. Qxb7 Rb8 18. Qxc7 Rxb2 19. Qxd6 Rb6 20. Bxg6 Qxe1+ 21. Rxe1 Rxd6 22. Be7 Rxg6 23. Bxf8 Re6 24. Rc1 Kg8 25. Bb4 a5 26. Bxa5 Ra6 27. Bc3 Rxa2 28. Ra1 Rxa1+ 29. Bxa1 g6 30. Kg2 h5 31. Kf2 Kf7 32. Ke3 Ke6 33. Be5 Bh3 34. Kd4 Bg2 35. Kc5 Bf1 36. Kb5 Kd7 37. Kc5 Ke6 38. Bb8 Bd3 39. Bc7 Bf1 40. Bb8 Bd3 41. Kd4 Bf1 42. Be5 Bg2 43. Bc7 Bf1 44. Ba5 Bg2 45. Bb4 Bf1 46. Ba3 Bg2 47. Ke3 Bf1 48. c5 Kd5 49. f5 gxf5 50. Kf4 Bh3 51. Kg5 Bg4 52. Kh4 Bf3 53. h3 1/2-1/2

[Event "Open A"]
[Site "?"]
[Date "2005.07.27"]
[Round "6"]
[White "Meduna Eduard"]
[Black "Castaldo Folco"]
[Result "1-0"]
[WhiteElo "2453"]
[BlackElo "2352"]
[PlyCount "77"]
[EventDate "2005.??.??"]
[Source "www.chesslib.no"]
[SourceDate "2004.05.04"]

1. c4 e6 2. d4 f5 3. g3 Nf6 4. Bg2 Be7 5. Nc3 O-O 6. Nf3 Ne4 7. Qc2 Nxc3 8. Qxc3 Bf6 9. O-O d6 10. b4 Nd7 11. Qc2 e5 12. Qxf5 Nb6 13. Qd3 exd4 14. c5 Nd5 15. Ng5 Bxg5 16. Bxd5+ Kh8 17. Bxg5 Qxg5 18. Qxd4 c6 19. Bg2 d5 20. e4 dxe4 21. Bxe4 Bh3 22. Rfe1 Rad8 23. Qe3 Qxe3 24. Rxe3 Rd2 25. Bf3 g5 26. a3 g4 27. Re2 Rfd8 28. Rxd2 Rxd2 29. Bg2 Kg7 30. Be4 h6 31. Bf5 Kf6 32. Bc8 b6 33. cxb6 axb6 34. a4 c5 35. a5 bxa5 36. bxa5 c4 37. a6 c3 38. a7 c2 39. Bxg4 1-0

[Event "Corr"]
[Site "?"]
[Date "2000.06.20"]
[Round "?"]
[White "Brandhorst Wesley T. (USA)"]
[Black "Schakel Leonard L. (Corky)"]
[Result "1/2-1/2"]
[WhiteElo "2464"]
[BlackElo "2330"]
[PlyCount "48"]
[EventDate "2000.??.??"]
[Source "www.chesslib.no"]
[SourceDate "2004.05.04"]

1. d4 f5 2. g3 Nf6 3. Bg2 e6 4. c4 d5 5. Nh3 Be7 6. O-O O-O 7. b3 c6 8. Qc2 b5 9. Rd1 a5 10. Nc3 Qe8 11. Bf4 Na6 12. a3 Bd7 13. Rdc1 h6 14. Qd3 g5 15. Be5 Ng4 16. f4 b4 17. axb4 Nxe5 18. fxe5 Nxb4 19. Qd2 Qh5 20. e3 Rfb8 21. Nf2 Kg7 22. Na4 Ra7 23. Rf1 Be8 24. Nb2 Raa8 1/2-1/2

[Event "DEN-chT 9900"]
[Site "DEN"]
[Date "2000.??.??"]
[Round "6"]
[White "Bekker Jensen, Simon"]
[Black "Boe Olsen, Mads"]
[Result "1/2-1/2"]
[WhiteElo "2403"]
[BlackElo "2379"]
[PlyCount "32"]
[EventDate "1999.??.??"]
[Source "www.chesslib.no"]
[SourceDate "2004.05.04"]

1. d4 f5 2. g3 Nf6 3. Bg2 e6 4. c4 Be7 5. Nh3 O-O 6. O-O d6 7. Nc3 Qe8 8. Nf4 Bd8 9. e4 fxe4 10. Nxe4 Nc6 11. d5 exd5 12. Nxf6+ Bxf6 13. Nxd5 Qf7 14. Nf4 Ne7 15. Qb3 c6 16. Bd2 Nf5 1/2-1/2

[Event "86th ch-British, Scarborough ENG"]
[Site "Scarborough"]
[Date "1999.??.??"]
[Round "5"]
[White "Sasikiran, K."]
[Black "Naylor, J."]
[Result "1-0"]
[WhiteElo "2535"]
[BlackElo "2230"]
[PlyCount "69"]
[EventDate "1999.??.??"]
[Source "www.chesslib.no"]
[SourceDate "2004.05.04"]

1. d4 e6 2. c4 f5 3. g3 Nf6 4. Bg2 Be7 5. Nc3 O-O 6. Qb3 a5 7. Nh3 Nc6 8. d5 Nb4 9. O-O e5 10. d6 cxd6 11. Be3 Kh8 12. a3 Na6 13. Bb6 Qe8 14. Qc2 d5 15. cxd5 d6 16. Ng5 Nd7 17. Be3 Bxg5 18. Bxg5 Nf6 19. e4 h6 20. Bxf6 Rxf6 21. f4 Bd7 22. Rae1 Qg6 23. fxe5 dxe5 24. Bh3 Raf8 25. Bxf5 Bxf5 26. exf5 Rxf5 27. Rxf5 Rxf5 28. Ne4 Qb6+ 29. Kg2 Rf8 30. Qc3 Re8 31. Rc1 Qg6 32. Qf3 Rd8 33. b3 Rxd5 34. Rc8+ Kh7 35. Nf6+ 1-0

[Event "Terrasa op"]
[Site "Terrasa"]
[Date "1999.??.??"]
[Round "8"]
[White "Estremera Panos, Sergio"]
[Black "Pablo Marin, Alejandro"]
[Result "0-1"]
[WhiteElo "2393"]
[BlackElo "2371"]
[PlyCount "104"]
[EventDate "1999.??.??"]
[Source "www.chesslib.no"]
[SourceDate "2004.05.04"]

1. d4 f5 2. g3 Nf6 3. Bg2 e6 4. c4 d5 5. Nh3 c6 6. Qc2 Be7 7. O-O O-O 8. Nd2 a5 9. Nf3 Na6 10. a3 b5 11. cxb5 cxb5 12. Ne5 Bd7 13. Nc6 Rc8 14. Nxe7+ Qxe7 15. Qd3 a4 16. Bf4 Rc4 17. Ng5 Nb8 18. Nf3 Nc6 19. Bg5 Na5 20. Nd2 h6 21. Bxf6 Qxf6 22. Nxc4 bxc4 23. Qc3 Nc6 24. Rad1 g5 25. f3 f4 26. gxf4 gxf4 27. e4 fxe3 28. Qxe3 Qf4 29. Qf2 Rf5 30. Bh3 Rg5+ 31. Kh1 Kf7 32. Bg4 Ke7 33. Qc2 Nxd4 34. Qh7+ Kd6 35. Qh8 Nc6 36. Rfe1 Kc7 37. Qh7 Rxg4 38. fxg4 Qf3+ 39. Kg1 Qxg4+ 40. Kh1 Qf3+ 41. Kg1 Qg4+ 42. Kh1 Nd4 43. Qf7 Ne2 44. Qf2 d4 45. h3 Qe4+ 46. Qg2 Qf4 47. Rf1 Ng3+ 48. Kg1 Qe3+ 49. Kh2 Nxf1+ 50. Rxf1 Kd6 51. Rf3 Qe5+ 52. Rg3 h5 0-1

[Event "Czech Open GMA"]
[Site "Pardubice CEC"]
[Date "2007.07.21"]
[Round "2"]
[White "Akesson, R."]
[Black "Butkiewicz, L."]
[Result "1-0"]
[WhiteElo "2477"]
[BlackElo "2269"]
[PlyCount "79"]
[EventDate "2007.07.20"]
[Source "www.chesslib.no"]
[SourceDate "2004.05.04"]

1. d4 f5 2. g3 Nf6 3. Bg2 e6 4. c4 d5 5. Nh3 c6 6. Qc2 Be7 7. O-O O-O 8. Nd2 Ne4 9. Nf4 Bf6 10. Nf3 Qe7 11. Nh5 Nd7 12. b3 b6 13. cxd5 cxd5 14. a4 Qf7 15. Nxf6+ gxf6 16. Ba3 Re8 17. Ne1 e5 18. f3 Ng5 19. Qxf5 exd4 20. Rf2 Re3 21. Qf4 Rxb3 22. Qxd4 Bb7 23. Qd1 Rc3 24. Nc2 Ne6 25. Bb2 Rc5 26. Ne3 Ng7 27. Bh3 Ne5 28. Bd4 Rc7 29. f4 Nc4 30. Ng4 Kf8 31. Nxf6 Nh5 32. Nxh5 Qxh5 33. Bg2 Re8 34. Rc1 Rce7 35. Bf3 Qh6 36. Bc3 Ne3 37. Qd4 Rd7 38. Qh8+ Ke7 39. Qe5+ Kd8 40. Qf6+ 1-0

[Event "Pau"]
[Site "Pau"]
[Date "1988.??.??"]
[Round "5"]
[White "Villeneuve, Alain"]
[Black "Lutz, Christopher"]
[Result "0-1"]
[WhiteElo "2365"]
[BlackElo "2380"]
[PlyCount "60"]
[EventDate "1988.??.??"]
[Source "www.chesslib.no"]
[SourceDate "2004.05.04"]

1. d4 e6 2. c4 f5 3. g3 Nf6 4. Bg2 d5 5. Nh3 Be7 6. O-O O-O 7. Nd2 Ne4 8. Qc2 Bf6 9. Nf3 Nc6 10. e3 g5 11. Ne1 h6 12. Rb1 a5 13. f3 Nd6 14. b3 Nb4 15. Qe2 b6 16. a3 Nc6 17. Qc2 Ne7 18. c5 bxc5 19. dxc5 Nf7 20. Nd3 e5 21. Bb2 Nc6 22. Rfd1 Be6 23. b4 axb4 24. axb4 e4 25. fxe4 fxe4 26. Bxf6 Qxf6 27. Ndf2 Nce5 28. Rf1 Nf3+ 29. Kh1 N7e5 30. b5 Nc4 0-1

[Event "Autumn Cup GM, Bucharest ROM"]
[Site "?"]
[Date "2000.??.??"]
[Round "10"]
[White "Mateuta, G."]
[Black "Podinic, V."]
[Result "1/2-1/2"]
[WhiteElo "2405"]
[BlackElo "2340"]
[PlyCount "72"]
[EventDate "2000.??.??"]
[Source "www.chesslib.no"]
[SourceDate "2004.05.04"]

1. d4 f5 2. c4 Nf6 3. g3 e6 4. Bg2 d5 5. Nh3 c6 6. O-O Be7 7. b3 O-O 8. Ba3 Bxa3 9. Nxa3 b6 10. Nf4 Qe7 11. Qc1 Bb7 12. Qb2 Nbd7 13. Rac1 Rae8 14. b4 g5 15. Nd3 Rc8 16. e3 Qg7 17. Rc2 Ne4 18. f3 Nd6 19. c5 Nf7 20. f4 h6 21. Rfc1 b5 22. Nb1 Nf6 23. Ne5 h5 24. Nd2 g4 25. a4 a6 26. Ra1 Rc7 27. axb5 axb5 28. Ra7 Rfc8 29. Qa3 Nd8 30. Qa5 Qh7 31. Ra2 Nd7 32. Nb3 Nf8 33. Qb6 Nd7 34. Qa5 Nf8 35. Qb6 Nd7 36. Qa5 Nf8 1/2-1/2

[Event "Paris Ch"]
[Site "Paris FRA"]
[Date "1991.??.??"]
[Round "6"]
[White "Thorsteins, Karl"]
[Black "Coupet, Pascal"]
[Result "1-0"]
[WhiteElo "2480"]
[BlackElo "2265"]
[PlyCount "67"]
[EventDate "1991.05.??"]
[Source "www.chesslib.no"]
[SourceDate "2004.05.04"]

1. d4 e6 2. c4 f5 3. g3 Nf6 4. Bg2 d5 5. Nh3 Be7 6. O-O c6 7. Nd2 O-O 8. Qc2 Qe8 9. Nf3 Ne4 10. b3 Nd7 11. Nf4 Ndf6 12. Ne5 g5 13. Nfd3 Qh5 14. f3 Nd6 15. e3 Qe8 16. Bb2 h5 17. c5 Nb5 18. e4 Kg7 19. Rae1 Nc7 20. Qd2 Ng8 21. Re2 Bd7 22. Nf2 Qd8 23. exf5 exf5 24. Nh3 Be8 25. Bc1 Kh6 26. Rfe1 Bf6 27. Qd3 Bg6 28. g4 hxg4 29. fxg4 Bh7 30. gxf5 Kg7 31. Qg3 Nh6 32. Bxg5 Bxg5 33. Nxg5 Nxf5 34. Qg4 1-0

[Event "Bodensee-Cup"]
[Site "GER"]
[Date "1996.??.??"]
[Round "3"]
[White "Gerber, Richard"]
[Black "Arnold, Lothar"]
[Result "0-1"]
[WhiteElo "2355"]
[BlackElo "2385"]
[PlyCount "122"]
[EventDate "1996.??.??"]
[Source "www.chesslib.no"]
[SourceDate "2004.05.04"]

1. d4 e6 2. c4 f5 3. g3 Nf6 4. Bg2 d5 5. Nh3 Be7 6. O-O O-O 7. b3 a5 8. Ba3 Na6 9. Bxe7 Qxe7 10. Nf4 dxc4 11. bxc4 e5 12. dxe5 Qxe5 13. Nd2 Nc5 14. Nf3 Qe7 15. Qd4 Rd8 16. Nd5 Nxd5 17. cxd5 c6 18. Ne5 Be6 19. Rac1 Na6 20. Nxc6 bxc6 21. Rxc6 Bf7 22. Rfc1 Nb4 23. Rc7 Qd6 24. R1c5 Rd7 25. Rxd7 Qxd7 26. a3 Na6 27. Rxa5 Qd6 28. Qc4 Be8 29. Bh3 g6 30. e4 fxe4 31. Qxe4 Bf7 32. Qc4 Qb6 33. Rb5 Qc7 34. Qb3 Qe7 35. Rb7 Qe1+ 36. Bf1 Nc5 37. Rb8+ Rxb8 38. Qxb8+ Kg7 39. Qb2+ Kg8 40. Qb8+ Kg7 41. Qa7 Nb3 42. d6 Nd2 43. Qd4+ Kg8 44. Qd3 Be8 45. Qe2 Qxf1+ 46. Qxf1 Nxf1 47. Kxf1 Kf7 48. g4 Ke6 49. Ke2 Kxd6 50. Ke3 Ke5 51. h4 Bd7 52. f3 h6 53. f4+ Kd5 54. Kf3 h5 55. f5 Ke5 56. Kg3 gxf5 57. gxh5 f4+ 58. Kf3 Kf5 59. Kf2 Bc6 60. a4 Kf6 61. a5 Kg7 0-1

[Event "Chivilcoy Ch"]
[Site "Buenos Aires ARG"]
[Date "1996.??.??"]
[Round "?"]
[White "Poch, Caesar G"]
[Black "Dolezal, Cristian"]
[Result "1/2-1/2"]
[WhiteElo "2385"]
[BlackElo "2355"]
[PlyCount "54"]
[EventDate "1996.??.??"]
[Source "www.chesslib.no"]
[SourceDate "2004.05.04"]

1. d4 e6 2. c4 f5 3. g3 Nf6 4. Bg2 Be7 5. Nh3 O-O 6. O-O d5 7. b3 c6 8. Bb2 Na6 9. Nf4 Bd7 10. Nd2 g5 11. Nd3 Be8 12. Nf3 Nd7 13. Qd2 Bh5 14. Nfe5 Nxe5 15. Nxe5 Bf6 16. Nd3 h6 17. e3 Rf7 18. f4 Rg7 19. Ba3 dxc4 20. bxc4 Bxd4 21. exd4 Qxd4+ 22. Kh1 Rd7 23. Qe1 Qxd3 24. Qxe6+ Bf7 25. Qxh6 Qxa3 26. Qxg5+ Kf8 27. Qh6+ Kg8 1/2-1/2